Water supply / (Record no. 114907)
[ view plain ]
| 000 -LEADER | |
|---|---|
| fixed length control field | 00770nam a2200193 a 4500 |
| 005 - DATE AND TIME OF LATEST TRANSACTION | |
| control field | 20140414132116.0 |
| 008 - FIXED-LENGTH DATA ELEMENTS--GENERAL INFORMATION | |
| fixed length control field | 111010s19uu xx 00 eng d |
| 020 ## - INTERNATIONAL STANDARD BOOK NUMBER | |
| International Standard Book Number | 9781435853522 |
| 050 ## - LIBRARY OF CONGRESS CALL NUMBER | |
| Classification number | REF 363.6 |
| Item number | SP4 2008 |
| 100 ## - MAIN ENTRY--PERSONAL NAME | |
| Personal name | Spilsbury, Louise. |
| 245 ## - TITLE STATEMENT | |
| Title | Water supply / |
| Statement of responsibility, etc | Louise Spilsbury. |
| 260 ## - PUBLICATION, DISTRIBUTION, ETC. (IMPRINT) | |
| Place of publication, distribution, etc | London : |
| Name of publisher, distributor, etc | Wayland, |
| Date of publication, distribution, etc | 2008. |
| 440 ## - SERIES STATEMENT/ADDED ENTRY--TITLE | |
| Title | Can the earth cope? |
| 520 ## - SUMMARY, ETC. | |
| Summary, etc | Water supply -- The lowdown on water -- What affects water supply? -- The impact of water shortage -- Finding solutions/sustainable water use -- Making sure the earth copes -- Glossary and further information. |
| 650 ## - SUBJECT ADDED ENTRY--TOPICAL TERM | |
| Topical term or geographic name as entry element | Water-supply |
| General subdivision | Juvenile literature. |
| 650 ## - SUBJECT ADDED ENTRY--TOPICAL TERM | |
| Topical term or geographic name as entry element | Droughts |
| General subdivision | Juvenile literature. |
| 650 ## - SUBJECT ADDED ENTRY--TOPICAL TERM | |
| Topical term or geographic name as entry element | Water |
| General subdivision | Pollution |
| -- | Juvenile literature. |
| Withdrawn status | Lost status | Damaged status | Use restrictions | Home library | Current library | Shelving location | Date acquired | Source of acquisition | Cost, normal purchase price | Total Checkouts | Full call number | Barcode | Date last seen | Price effective from | Koha item type |
|---|---|---|---|---|---|---|---|---|---|---|---|---|---|---|---|
| Munich Library | Munich Library | Reference Section | 10/10/2011 | 2013.00 | REF 363.6 SP4 2008 | M6843 | 04/14/2014 | 04/14/2014 | Books |